Les meilleurs joueurs sur FIFA 17 - Statistiques

Statistiques générales
  • Ce quiz a été pris 1 028 fois
    725 depuis la dernière actualisation
  • Le résultat moyen est 22 sur 30
Statistiques - réponses
Note Joueurs Club % Correct
94 Cristiano Ronaldo Real Madrid
100%
93 Lionel Messi FC Barcelone
100%
92 Neymar Jr FC Barcelone
100%
92 Luis Suárez FC Barcelone
98%
92 Manuel Neuer Bayern Munich
91%
90 Gareth Bale Real Madrid
90%
89 Luka Modrić Real Madrid
90%
88 Antoine Griezmann Atletico Madrid
89%
90 Robert Lewandowski Bayern Munich
89%
89 Sergio Ramos Real Madrid
86%
88 Toni Kroos Real Madrid
85%
88 Paul Pogba Manchester United
83%
90 Zlatan Ibrahimović Manchester United
80%
89 Sergio Agüero Manchester City
78%
88 Andres Iniesta FC Barcelone
76%
89 Thiago Silva Paris Saint-Germain
75%
88 Eden Hazard Chelsea
74%
88 Marco Reus Borussia Dortmund
74%
88 Kevin De Bruyne Manchester City
70%
89 Thibaut Courtois Chelsea
69%
90 David de Gea Manchester United
67%
88 Gianluigi Buffon Juventus
62%
90 Jérôme Boateng Bayern Munich
62%
89 Mesut Özil Arsenal
60%
88 Georgio Chiellini Juventus
58%
88 Diego Godin Atletico Madrid
51%
88 Philipp Lahm Bayern Munich
50%
88 Pepe Real Madrid
48%
88 Gonzalo Higuaín Juventus
46%
88 Petr Čech Arsenal
36%
Aucun quiz correspondant
Distribution des résultats
% des personnes avec chaque résultat
Percentile par nombre de réponses
Votre historique - résultats
Vous n’avez pas pris ce quiz depuis la dernière actualisation